000 00372 a2200157 4500
001 74181
020 _a9788560753345
040 _cAnchieta - Colégio São Paulo
100 _aBarros, Fabiana
240 1 0 _aO Diário de Kalina Farfalla
_lpor
245 1 0 _aO Diário de Kalina Farfalla
300 _a197
362 0 _a2012
650 4 _aLiteratura juvenil
942 _cBK
999 _c74181
_d74181